Anteproyecto arquitectónico de matadero en las Ceibitas, municipio de Masaya
La investigación consiste que en la ciudad de Masaya existe una serie de personas que se dedican a la crianza de las denominadas aves de granja, pero no cuentan con instalaciones, ni calificación para generar altos volúmenes de producción. Esta carencia de espacio genera la oportunidad de elabo...
| Main Author: | |
|---|---|
| Other Authors: | |
| Format: | Tesis Section = Libro |
| Language: | Undetermined Spanish |
| Published: |
Managua
UNI
2014
|
| Subjects: |
| LEADER | 01357nam a2200265Ia 4500 | ||
|---|---|---|---|
| 008 | 240830s9999 xx 000 0 und d | ||
| 040 | |a BIBLIOTECA-RUSB/ Mon 725.4 V424 | ||
| 041 | |a spa | ||
| 082 | |a Mon 725.4 V424 | ||
| 100 | 1 | |a Vega Flores, Karen Raquel | |
| 245 | 1 | 0 | |a Anteproyecto arquitectónico de matadero en las Ceibitas, municipio de Masaya |
| 260 | |a Managua |b UNI |c 2014 | ||
| 300 | |a 84 p. :il. | ||
| 500 | |a Contiene: anexos e Incluye: CD. | ||
| 502 | |a Tesis (Arquitecto) - UNI, 2014. | ||
| 520 | 3 | |a La investigación consiste que en la ciudad de Masaya existe una serie de personas que se dedican a la crianza de las denominadas aves de granja, pero no cuentan con instalaciones, ni calificación para generar altos volúmenes de producción. Esta carencia de espacio genera la oportunidad de elaborar un anteproyecto que sirva de base desde el punto de vista arquitectónico para la creación de una instalación semis industrial que cumpla con los requerimientos técnicos mínimos para su funcionamiento. | |
| 650 | 7 | |a DISEÑO ARQUTECTONICO-EDIFICIO INDUSTRIAL | |
| 650 | 7 | |b ARQUITECTURA-DISEÑOS Y PLANOS | |
| 650 | 7 | |c ARQUITECTURA INDUSTRIAL | |
| 650 | 7 | |d USO DE SUELO | |
| 650 | 7 | |e EMPRESA AVICOLA-MATADERO | |
| 700 | 1 | |a Tutor: |b Mayorga Navarro, Eduardo José | |
| 942 | |c BK |2 ddc | ||
| 991 | |a TESIS | ||
| 999 | |c 21246 | ||